000 01043nam a2200253Ia 4500
003 OSt
005 20220930094859.0
006 a|||||r|||| 00| 0
007 ta
008 220926b |||||||| |||| 00| 0 hin d
024 _a32451
037 _cTheses
040 _aCRL
_cCRL
_bhin
041 _2hin
_ahin
100 _aमिश्र, प्रियंका, ले.
110 _aदिल्ली विश्वविद्यालय. कला संकाय. हिन्दी
_9556553
245 0 _aहिन्दी रंगमंच के विकास में भारत रंग महोत्सव का योगदान
246 _aHindī rangamancha ke vikās mean bhārat ranga mahotsav kā yogadāna
260 _c2014
300 _a572पृ.
_ap.
_ccm.
700 _aदिल्ली विश्वविद्यालय. कला संकाय. हिन्दी
_9556554
942 _cDIS
_2CC
999 _c887847
_d887847